01071cam a22003614i 4500003000900000005001700009008004100026020001500067035002700082040003300109082001900142100002900161245004700190264004000237300003800277336002100315337002500336338002300361504002800384505016300412526001000575526001000585526001000595526001000605526000800615526000800623526000800631526000800639526000800647526000800655526000800663650003800671PE-LiUPU20250731173531.0150616s r 000 0 d a0805469451 a(Sirsi) i9780805469455 aPE-LiUPUbspacPE-LiUPUerda04a259.6bP662211 aPlatt, Larry A.,eautor.10aResources for Ministry in Death and Dying. 1aTennessee :bBroadman Press,c1988. a312 páginas ;c21 centímetros atext2rdacontent aunmediated2rdamedia avolume2rdacarrier aIncluye bibliografía.0 aDeath in America.- Death and bereavement across.- Dealing with the dying patient.- The funeral.- Grief and bereavement.- Resources for death-related ministry. aSEG42 aSEG41 aSEG40 aSEG39 aP94 aP87 aP86 aP85 aP77 aP76 aP3504aTRABAJO DE IGLESIA CON DOLIENTES.